Normal view
MARC view
Entry Personal Name
001 - CONTROL NUMBER
- control field: 219528
003 - CONTROL NUMBER IDENTIFIER
- control field:
005 - DATE AND TIME OF LATEST TRANSACTION
- control field: 20210601202158.0
008 - FIXED-LENGTH DATA ELEMENTS
- fixed length control field: 210601|| aca||aabn | a|a d
040 ## - CATALOGING SOURCE
- Original cataloging agency:
- Transcribing agency:
100 ## - HEADING--PERSONAL NAME
- Personal name: Kim, Kwang Suk
670 ## - SOURCE DATA FOUND
- Source citation: Work cat.: (): Frank, Charles R. 219524, South Korea /, 1975
